| 000 | 00668nam a2200205Ia 4500 | ||
|---|---|---|---|
| 003 | GCL | ||
| 008 | 140319s9999 xx 000 0 ara d | ||
| 040 |
_aGCL / _cGCL |
||
| 082 | 0 | 4 |
_a001.6424 _bع ب |
| 100 | 1 | _aعمر مكداشى | |
| 245 | 1 | 0 |
_aباسكال والبرمجة المهيكلة ج1 / _cعمر مكداشى |
| 260 |
_a[S.N] : _bدار الراتب الجامعية ، _c1985 |
||
| 300 | _a167 ص | ||
| 490 | _a | ||
| 650 | 0 | 4 | _aالحاسبات الالكترونية |
| 650 | 0 | 4 | _aباسكال |
| 650 | 0 | 4 | _aالحاسبات الالكترونية - برامج |
| 650 | 0 | 4 | _aالحاسبات الالكترونية- لغات |
| 942 |
_2ddc _cBK |
||
| 999 |
_c53231 _d53231 |
||